000 00446nam a2200181Ia 4500
001 45342
008 140428s9999 xx 000 0 und d
020 _aNA
040 _cPK-LaUMT
082 _aRHC 891.4393
_bIKR-J
100 _aIkram Ullah
245 _aJangal (Urdu)
_cIkram Ullah
260 _aLahore,Pakistan:
_bSang-e-Meel Publications,
_c1980
300 _a160 p.
546 _aUR
650 _aPakistani literature-Urdu
942 _cBK
999 _c43310
_d43310